| 000 | 00513nam a2200181Ia 4500 | ||
|---|---|---|---|
| 005 | 20250508151037.0 | ||
| 008 | 008 250505s9999 xx 000 0 eng d | ||
| 037 | _aTextual | ||
| 040 |
_aFEDL _beng _cFEDL |
||
| 041 |
_aeng _2eng |
||
| 084 |
_a371.73, MCI _qFEDL |
||
| 100 |
_aMcintosh Peter C _9758282 |
||
| 245 | 0 | _aPhysical education in England since 1800 | |
| 260 |
_aLondon, UK _bG Bell and Sons Ltd _c1952 |
||
| 300 | _a259p. | ||
| 942 |
_cTEXL _h371.73, MCI |
||
| 999 |
_c1327235 _d1327235 |
||